Elements of chemical reaction engineering

Guardat en:
Dades bibliogràfiques
Autor principal: Fogler, H. Scott (Autor)
Format: Llibre
Idioma:anglès
Publicat: Upper Saddle River Prentice Hall 2006
Edició:4a. ed
Col·lecció:Prentice Hall PTR International Series in the Physical and Chemical Engineering Sciences
Matèries:
Etiquetes: Afegir etiqueta
Sense etiquetes, Sigues el primer a etiquetar aquest registre!

MARC

LEADER 00000nam a2200000 a 4500
001 UCI0709
003 CL-VaPUC
008 070525e20060000us |||||||||||||||||eng|d
020 |a 0130473944 
082 0 4 |a 660.283  |b FOG  |2 21 
100 0 |a Fogler, H. Scott  |e author  |9 520889 
245 1 0 |a Elements of chemical reaction engineering 
250 |a 4a. ed 
300 |a 1080 p 
942 |c BK 
945 |d 20070525 00:00:00  |a cmena 
260 |a Upper Saddle River  |b Prentice Hall  |c 2006 
500 |a Incluye Cd-Rom 
650 0 |a Reactores químicos   |9 264019 
650 7 |a INDUSTRIA QUIMICA  |2 CL-VaPUC  |9 520890 
650 0 |a Diseño y construcción  |9 260862 
490 0 |a Prentice Hall PTR International Series in the Physical and Chemical Engineering Sciences 
999 |c 325765  |d 325763 
583 |k Rodrigo Vera 
952 |0 0  |1 0  |4 0  |6 660_283000000000000_FOG_2006  |7 0  |8 A  |9 407083  |a BIBING  |b BIBING  |d 2019-11-22  |i 4343697  |l 2  |o 660.283 FOG 2006  |p 4343697  |r 2025-01-20  |s 2023-05-09  |w 2019-11-22  |y BK  |k EIQ 
952 |0 0  |1 0  |4 0  |6 660_283000000000000_FOG_2006  |7 0  |8 A  |9 407084  |a BIBING  |b BIBING  |d 2019-11-22  |i 4377788  |l 1  |o 660.283 FOG 2006  |p 4377788  |r 2025-01-20  |s 2023-04-03  |w 2019-11-22  |y BK  |k EIQ 
952 |0 0  |1 0  |4 0  |6 660_283000000000000_FOG_2006  |7 0  |8 A  |9 407085  |a BIBING  |b BIBING  |d 2019-11-22  |i 4377796  |o 660.283 FOG 2006  |p 4377796  |r 2025-01-20  |w 2019-11-22  |y BK  |k EIQ 
952 |0 0  |1 0  |4 0  |6 660_283000000000000_FOG_2006  |7 0  |8 A  |9 407086  |a BIBING  |b BIBING  |d 2019-11-22  |i 437780K  |l 1  |o 660.283 FOG 2006  |p 437780K  |r 2025-01-20  |s 2022-10-13  |w 2019-11-22  |y BK  |k EIQ 
952 |0 0  |1 0  |4 0  |6 660_283000000000000_FOG_2006  |7 0  |8 A  |9 407087  |a BIBING  |b BIBING  |d 2019-11-22  |i 4377818  |l 2  |m 1  |o 660.283 FOG 2006  |p 4377818  |r 2025-01-20  |s 2023-03-27  |w 2019-11-22  |y BK  |k EIQ 
952 |0 0  |1 0  |4 0  |6 660_283000000000000_FOG_2006  |7 0  |8 A  |9 407088  |a BIBING  |b BIBING  |d 2019-11-22  |i 4377826  |l 1  |o 660.283 FOG 2006  |p 4377826  |r 2025-01-20  |s 2023-04-03  |w 2019-11-22  |y BK  |k EIQ 
952 |0 0  |1 0  |4 0  |6 660_283000000000000_FOG_2006  |7 0  |8 A  |9 407089  |a BIBING  |b BIBING  |d 2019-11-22  |i 4377834  |o 660.283 FOG 2006  |p 4377834  |r 2025-01-20  |w 2019-11-22  |y BK  |k EIQ 
952 |0 0  |1 0  |4 0  |6 660_283000000000000_FOG_2006  |7 0  |8 A  |9 407090  |a BIBING  |b BIBING  |d 2019-11-22  |i 4377842  |l 1  |o 660.283 FOG 2006  |p 4377842  |r 2025-01-20  |s 2022-10-14  |w 2019-11-22  |y BK  |k EIQ 
952 |0 0  |1 0  |4 0  |6 660_283000000000000_FOG_2006  |7 0  |8 A  |9 407091  |a BIBING  |b BIBING  |d 2019-11-22  |i 4392221  |l 2  |o 660.283 FOG 2006  |p 4392221  |r 2025-01-20  |s 2023-05-09  |w 2019-11-22  |y BK  |k EIB